| 000 | 00940pam a2200325 i 4500 | ||
|---|---|---|---|
| 999 |
_c871 _d871 |
||
| 001 | 019009224 | ||
| 003 | Uk | ||
| 005 | 20191224115233.0 | ||
| 008 | 181029s2018 stk j 000 1 eng c | ||
| 015 |
_aGBB8E7181 _2bnb |
||
| 016 | 7 |
_a019009224 _2Uk |
|
| 020 | _a9781781127346 (pbk.) : | ||
| 035 | _a(StEdNL)99115770540604341 | ||
| 040 |
_aStDuBDS _beng _cStDuBDS _dStEdNL _dUk _erda |
||
| 042 | _aukscp | ||
| 082 | _aFIC MAC | ||
| 100 | 1 |
_aMacPhail, Catherine, _d1946- _eauthor. |
|
| 245 | 1 | 0 |
_aWhite feather / _cCatherine & David MacPhail. |
| 264 | 1 |
_aEdinburgh : _bBarrington Stoke, _c2018. |
|
| 300 |
_a87 pages ; _c20 cm |
||
| 336 |
_atext _2rdacontent |
||
| 337 |
_aunmediated _2rdamedia |
||
| 338 |
_avolume _2rdacarrier |
||
| 440 | _aSuper readable | ||
| 500 |
_aFormerly CIP. _5Uk |
||
| 655 | 0 | _aChildren's stories. | |
| 655 | 0 | _aHigh interest-low vocabulary books. | |
| 700 | 1 |
_aMacPhail, David, _eauthor. |
|
| 942 |
_2ddc _cFIC |
||